Wszystkie piosenki - Gibbs - Statystyki

Ogólne statystyki
  • Ten quiz został rozwiązany 297 razy
    266 od ostatniego zresetowania
  • Średni wynik to 52 z 174
Statystyki odpowiedzi
Hint Odpowiedź % Poprawnych
SAFE SAFE
77%
SAFE Drive (feat. Opał)
76%
SAFE Stan
75%
Iluzja (z Kacper HTA) Iluzja
71%
Iluzja (z Kacper HTA) Iluzja - Remix
71%
DOPEHOUSE MIXTAPE (z DOPEHOUSE) Piękny Świat (feat. Kiełas)
70%
SAFE Samotność
68%
SAFE Złoty chłopak
67%
Mantra (z Kacper HTA & Fonos) Mantra
66%
SAFE Zawsze chciałem
66%
SAFE Czerwone łzy (feat. Szpaku)
65%
SAFE Czarna róża (feat. Kiełas)
64%
Hample (z Favst) dddd
63%
Czarno na białym (z DJ Ike) (Po)ciąg dalszy nastąpi
62%
SAFE Kolor (feat. Frank Leen)
61%
SAFE Oczy
61%
Czarno na białym (z DJ Ike) Kompas
58%
SAFE Ogień
56%
SAFE Zero cukru
56%
DOPEHOUSE MIXTAPE (z DOPEHOUSE) Znikam
56%
Czarno na białym (z DJ Ike) Nigdy albo zawsze
55%
SAFE Cios
54%
Czarno na białym (z DJ Ike) Niewidzialny
54%
Połączenia (z Opał) Odbierz mnie
54%
DOPEHOUSE MIXTAPE (z DOPEHOUSE) Pogoda, Drinki, Plaża
54%
DOPEHOUSE MIXTAPE (z DOPEHOUSE) Ostatni (feat. JANEK.)
53%
Czarno na białym (z DJ Ike) Abrakadabra
51%
Czarno na białym (z DJ Ike) 200%
50%
Czarno na białym (z DJ Ike) Łzy ślepego szczęścia
49%
Czarno na białym (z DJ Ike) Pieśń dziękczynna
49%
Mantra (z Kacper HTA & Fonos) Tommy gun
49%
Wszystko co złe (z Sarius) Wiking
48%
Czarno na białym (z DJ Ike) Lepsza strona słońca
47%
Lidokaina (z Fonos) Lidokaina
47%
Połączenia (z Opał) O₂
47%
Połączenia (z Opał) Bletka
45%
Czarno na białym (z DJ Ike) Cień przypadku
45%
Czarno na białym (z DJ Ike) Joan Miro
45%
Hample (z Favst) suma wszystkich strachów (feat. Szpaku & Kiełas)
45%
Czarno na białym (z DJ Ike) Udawanko
44%
Połączenia (z Opał) Palo Santo
43%
DOPEHOUSE MIXTAPE (z DOPEHOUSE) Scooby (feat. Oliver Olson)
43%
Mantra (z Kacper HTA & Fonos) Gotham
42%
Hample (z Favst) halo (feat. Kukon)
42%
DOPEHOUSE MIXTAPE (z DOPEHOUSE) List (feat. Oliver Olson)
42%
Mantra (z Kacper HTA & Fonos) Zbrodnia i kara
41%
DOPEHOUSE MIXTAPE (z DOPEHOUSE) Nowy dom (feat. Opał)
40%
DOPEHOUSE MIXTAPE (z DOPEHOUSE) Pył (feat. Opał)
38%
DOPEHOUSE MIXTAPE (z DOPEHOUSE) 30 stopni (feat. Avi)
36%
Połączenia (z Opał) Bratushka (feat. Floral Bugs)
36%
DOPEHOUSE MIXTAPE (z DOPEHOUSE) Budzę się w snach (feat. Kukon)
35%
11:11 (z Fonos) Czarny szlak
35%
DOPEHOUSE MIXTAPE (z DOPEHOUSE) HART (feat. Fonos)
35%
DOPEHOUSE MIXTAPE (z DOPEHOUSE) Zodiak (feat. INDEB)
35%
DOPEHOUSE MIXTAPE (z DOPEHOUSE) 2022 (feat. VNM)
34%
DOPEHOUSE MIXTAPE (z DOPEHOUSE) Chłód (feat. Kacper HTA & Fonos)
34%
DOPEHOUSE MIXTAPE (z DOPEHOUSE) Daj tylko czas (feat. Kacper HTA & Oliver Olson)
34%
Połączenia (z Opał) Róże zostawmy betonom (feat. Bisz)
34%
Połączenia (z Opał) Wiem Dlaczego Bloki Płaczą
34%
Połączenia (z Opał) Bazgroł
33%
DOPEHOUSE MIXTAPE (z DOPEHOUSE) Bushido (feat. GMB Fonos)
33%
Iluzja (z Kacper HTA) | Lidokaina (z Fonos) | Sentymentalnie (z Kali) Intro
33%
Połączenia (z Opał) Dzieci Pełni (feat. Karolina Czarnecka)
32%
Mantra (z Kacper HTA & Fonos) Hulk
32%
Sentymentalnie (z Kali) Sentymentalnie
32%
Połączenia (z Opał) Czarny Jaguar i klimat Noir
31%
DOPEHOUSE MIXTAPE (z DOPEHOUSE) Jeden Interes (feat. Oliver Olson & Paluch)
31%
11:11 (z Fonos) Moonwalk
31%
Połączenia (z Opał) Namaste
31%
Antihype (z Sarius) | Iluzja (z Kacper HTA) | Lidokaina (z Fonos) | Sentymentalnie (z Kali) Outro
31%
11:11 (z Fonos) Slavia (feat. INDEB)
31%
11:11 (z Fonos) Suche łzy
31%
Połączenia (z Opał) Harry Osborn (feat. VNM)
30%
Hample (z Favst) redukcja (feat. Kiełas)
30%
Hample (z Favst) gehenna (feat. Hinol Polska Wersja)
29%
Lidokaina (z Fonos) Sudoku (feat. Oliver Olson)
29%
Wszystko co złe (z Sarius) Wszystko co złe
29%
11:11 (z Fonos) Tangram
28%
DOPEHOUSE MIXTAPE (z DOPEHOUSE) Hades (feat. Oliver Olson)
27%
Hample (z Favst) piach (feat. Przyłu)
26%
11:11 (z Fonos) Sonda
26%
Hample (z Favst) coldplay (feat. Opał)
25%
11:11 (z Fonos) Flauta
25%
Hample (z Favst) mood (feat. Louis Villain & Kwiatek Haze)
25%
Hample (z Favst) Tour de France (feat. Kabe & PLK)
25%
Mantra (z Kacper HTA & Fonos) Chaos
24%
Hample (z Favst) francuskie filmy (feat. Krzysztof Zalewski & Pezet)
24%
Lidokaina (z Fonos) Furia
24%
Mantra (z Kacper HTA & Fonos) Heban
24%
Mantra (z Kacper HTA & Fonos) Wild west
24%
11:11 (z Fonos) Fatum
23%
Lidokaina (z Fonos) Presja
23%
Hample (z Favst) shout (feat. Dalia & Kiełas)
23%
Mantra (z Kacper HTA & Fonos) Azkaban (feat. Oliver Olson)
22%
Wszystko co złe (z Sarius) Dziecko wojny
22%
Lidokaina (z Fonos) Flakka
22%
Mantra (z Kacper HTA & Fonos) Insomnia
22%
Iluzja (z Kacper HTA) Nie ma mnie
22%
11:11 (z Fonos) Katharsis
21%
Iluzja (z Kacper HTA) Księżyc
21%
Lidokaina (z Fonos) Miraż (feat. Kacper HTA)
21%
11:11 (z Fonos) Purpura
21%
Mantra (z Kacper HTA & Fonos) Serum
21%
11:11 (z Fonos) Szara strefa (feat. Kacper HTA)
21%
Wszystko co złe (z Sarius) Dobry chłopak (feat. Szpaku)
20%
11:11 (z Fonos) In blanco
20%
Lidokaina (z Fonos) No to patrz
20%
Hample (z Favst) nowy teatr (feat. Janusz Walczuk & Barto Katt)
20%
Wszystko co złe (z Sarius) Powiedział mi ktoś
20%
Lidokaina (z Fonos) Rem
20%
Mantra (z Kacper HTA & Fonos) Zoo
20%
Mantra (z Kacper HTA & Fonos) Guliwer
19%
Lidokaina (z Fonos) M.E.M.O.R.Y
19%
Lidokaina (z Fonos) Proch i pył
19%
Iluzja (z Kacper HTA) Pustka
19%
Lidokaina (z Fonos) Ambrozja
18%
Lidokaina (z Fonos) Mimo wszystko (feat. Jano Polska Wersja)
18%
Lidokaina (z Fonos) Sodoma Gomora (feat. Onar & Kacper HTA)
18%
Wszystko co złe (z Sarius) Zasięg
18%
Iluzja (z Kacper HTA) Byki
17%
Czasem EP (z Sarius) Czasem
17%
Wszystko co złe (z Sarius) Kurtyna
17%
Iluzja (z Kacper HTA) Słowo
17%
Antihype (z Sarius) Najshajs (feat. Rogal DDL)
16%
Iluzja (z Kacper HTA) Real talk
16%
Wszystko co złe (z Sarius) Wspaniały i wielki
16%
Wszystko co złe (z Sarius) Definicja
15%
Wszystko co złe (z Sarius) Gadaj do rzeczy (feat. Gedz)
15%
Iluzja (z Kacper HTA) Porcelana
15%
Antihype (z Sarius) Wiosna
15%
Antihype (z Sarius) Zima (feat. KPSN)
15%
11:11 (z Fonos) Próżnia
14%
Sentymentalnie (z Kali) H.E.R.O
12%
Antihype (z Sarius) To co chcesz
12%
Czasem EP (z Sarius) Dziedzic Korony
11%
Iluzja (z Kacper HTA) Nadzieja na jutro
11%
Sentymentalnie (z Kali) Panta rhei
11%
Iluzja (z Kacper HTA) Wszystko co mam
11%
Czasem EP (z Sarius) Antyhajp
10%
Iluzja (z Kacper HTA) Ars longa, vita brevis
10%
Iluzja (z Kacper HTA) Demony wojny
10%
Sentymentalnie (z Kali) Gdzie jesteś?
10%
Antihype (z Sarius) Najlepszy przyjaciel
10%
Antihype (z Sarius) Teraz wszyscy
10%
Antihype (z Sarius) Coś - Bonus Track (feat. Kacper HTA)
9%
Antihype (z Sarius) Jak nikt (feat. Kartky)
9%
Antihype (z Sarius) Japy (feat. Ten Typ Mes)
9%
Antihype (z Sarius) Jedynak
9%
Sentymentalnie (z Kali) Nigdy nie zapomnę
9%
Antihype (z Sarius) Obiad
9%
Sentymentalnie (z Kali) Pełna szkatułka (feat. Paluch)
9%
Sentymentalnie (z Kali) Piękny ból
9%
Antihype (z Sarius) Powrócisz tu
9%
Sentymentalnie (z Kali) C.O.M.A
8%
Sentymentalnie (z Kali) Do 3 x sztuka
8%
Sentymentalnie (z Kali) Duchowa willa (feat. Ganja Mafia)
8%
Sentymentalnie (z Kali) Gdybym nie zdążył
8%
Antihype (z Sarius) Heath Ledger - Bonus Track
8%
Antihype (z Sarius) Mariusz śpiewany - Bonus Track
8%
Sentymentalnie (z Kali) Piękne chwile (feat. Lukasyno)
8%
Sentymentalnie (z Kali) Zgniłe myśli
8%
Sentymentalnie (z Kali) Alien
7%
Antihype (z Sarius) Hometown
7%
Antihype (z Sarius) Zużywamy głowy
7%
Czasem EP (z Sarius) Facet
6%
Czasem EP (z Sarius) Nocna Straż
6%
Czasem EP (z Sarius) Tip Top
6%
Czasem EP (z Sarius) Więzi
5%
Czasem EP (z Sarius) WORKOUT
2%
Nie znaleziono quizów pasujących do podanych kryteriów
Rozkład punktacji
Procent ludzi z każdym wynikiem
Percentyl według liczby udzielonych odpowiedzi
Twoja historia wyników
Nie rozwiązałeś tego quizu od ostatniego zresetowania